| 000 | 00623nam a2200193Ia 4500 | ||
|---|---|---|---|
| 003 | GCL | ||
| 008 | 140319s9999 xx 000 0 ara d | ||
| 040 |
_aGCL / _cGCL |
||
| 082 | 0 | 4 |
_a370.931 _bع ت |
| 100 | 1 | _aعبدالعزيز صالح | |
| 245 | 1 | 0 |
_aالتربية والتعليم فى مصر القديمة / _cعبدالعزيز صالح |
| 260 |
_aالقاهرة : _bالدار القومية للطباعة والنشر ، _c1966 |
||
| 300 |
_a480 ص ؛ _c30 سم |
||
| 490 | _a | ||
| 650 | 0 | 4 | _aتاريخ |
| 650 | 0 | 4 | _aمصر القديمة |
| 650 | 0 | 4 | _aالتربية والتعليم |
| 942 |
_2ddc _cBK |
||
| 999 |
_c27890 _d27890 |
||